000
00265nam a2200121Ia 4500
008
190216s9999||||xx |||||||||||||| ||und||
100
_a
Ncert
245
0
_a
Science For Middle Schools
260
_b
Null
_c
1967
300
_a
124 p
650
_a
Physics
942
_c
BK
999
_c
32759
_d
32759